| 000 | 00470nam a2200169 a 4500 | ||
|---|---|---|---|
| 005 | 20140412111359.0 | ||
| 008 | 060126s19uu xx 00 eng d | ||
| 020 | _a0-439-57819-1 | ||
| 050 |
_aTR(PS E _bBe35 2003 |
||
| 100 | _aRoche, Denis | ||
| 245 |
_aThe Best class picture ever! / _cby Denis Roche. |
||
| 260 |
_aNew York : _bScholastic Inc, _c2003. |
||
| 300 | _a1 v. (unp.) ; ill. | ||
| 650 |
_aClass _xFiction |
||
| 650 | _aChildren stories | ||
| 999 |
_c105448 _d105448 |
||